15 Najwartościowszych Piłkarzy Ligue 1 - Statystyki

Ogólne statystyki
  • Ten quiz został rozwiązany 237 razy
    42 od ostatniego zresetowania
  • Średni wynik to 7 z 15
Statystyki odpowiedzi
Wartość Piłkarz % Poprawnych
180 mln Kylian Mbappe
100%
60 mln Ousmane Dembele
79%
40 mln Gianluigi Donnarumma
67%
45 mln Vitinha
64%
65 mln Achraf Hakimi
51%
60 mln Kolo Muani
49%
50 mln Goncalo Ramos
46%
60 mln Nuno Mendes
44%
40 mln Bradley Barcola
38%
60 mln Zaire Emery
38%
50 mln Jonathan David
26%
40 mln Milan Skriniar
26%
45 mln Lucas Hernandez
21%
60 mln Manuel Ugarte
21%
55 mln Maquinhos
0%
Nie znaleziono quizów pasujących do podanych kryteriów
Rozkład punktacji
Procent ludzi z każdym wynikiem
Percentyl według liczby udzielonych odpowiedzi
Twoja historia wyników
Nie rozwiązałeś tego quizu od ostatniego zresetowania